[Event "HUN-chT4 1617"]
[Site "Hungary"]
[Date "2017.03.19"]
[Round "6.4"]
[White "Giczi, Alexandra Laura"]
[Black "Balint, Laszlo"]
[Result "1-0"]
[WhiteElo "1424"]
[BlackElo "1624"]
[PlyCount "87"]
[EventDate "2016.10.02"]
[EventType "team-tourn"]
[EventRounds "7"]
[EventCountry "HUN"]
[SourceTitle "EXT 2019"]
[Source "ChessBase"]
[SourceDate "2018.10.10"]
[SourceVersion "1"]
[SourceVersionDate "2018.10.10"]
[SourceQuality "1"]

1. e4 c5 2. Nf3 Nc6 3. d4 cxd4 4. Nxd4 e6 5. Nc3 Bb4 6. Nxc6 Bxc3+ 7. bxc3 bxc6 8. Ba3 Qa5 9. Bb4 Qg5 10. Qd6 Qe7 11. Bd3 Qxd6 12. Bxd6 f6 13. Rb1 Kf7 14. Rf1 Ne7 15. f4 Re8 16. Kd2 a5 17. g4 Ra7 18. Rf3 Rb7 19. Rg1 Ra7 20. f5 e5 21. g5 Ba6 22. c4 Nc8 23. g6+ hxg6 24. fxg6+ Ke6 25. Bc5 Ra8 26. Bf1 d6 27. Ba3 Rh8 28. Rh1 c5 29. h4 Nb6 30. Kc3 Rh5 31. Be2 Rah8 32. Rfh3 R5h6 33. h5 Rb8 34. Bc1 Rhh8 35. h6 Rbg8 36. hxg7 Rxh3+ 37. Rxh3 Rxg7 38. Bg4+ Ke7 39. Rh7 Kf8 40. Rh8+ Ke7 41. Bf5 Bxc4 42. Bh6 Rg8 43. Rh7+ Ke8 44. Rb7 1-0

[Event "HUN-chT4 Chalupetzky 1516"]
[Site "Fertoszentmiklos"]
[Date "2016.02.21"]
[Round "5.9"]
[White "Enzsoly, Miklos"]
[Black "Giczi, Alexandra Laura"]
[Result "1-0"]
[WhiteElo "1395"]
[BlackElo "1457"]
[PlyCount "135"]
[EventDate "2015.10.11"]
[EventType "team-tourn"]
[EventRounds "7"]
[EventCountry "HUN"]
[SourceTitle "EXT 2017"]
[Source "ChessBase"]
[SourceDate "2016.10.25"]
[SourceVersion "1"]
[SourceVersionDate "2016.10.25"]
[SourceQuality "1"]
[WhiteTeam "Fertoszentmiklos"]
[BlackTeam "Toltestava Tornado"]
[WhiteTeamCountry "HUN"]
[BlackTeamCountry "HUN"]

1. e4 e6 2. d4 d5 3. Nd2 c5 4. exd5 exd5 5. dxc5 Bxc5 6. Ngf3 Be6 7. Nb3 Bb6 8. Bb5+ Nd7 9. 0-0 Ngf6 10. Bg5 0-0 11. c3 h6 12. Bxd7 Bxd7 13. Bxf6 Qxf6 14. Qxd5 Bc6 15. Qe5 Qg6 16. Qg3 Qc2 17. Rab1 Rae8 18. Nfd4 Qe4 19. h3 Bc7 20. Qg4 Qe5 21. f4 Qf6 22. Nxc6 Qxc6 23. Nd4 Bb6 24. Kh1 Bxd4 25. cxd4 Qd5 26. Rbd1 Re4 27. Qf3 Rd8 28. b3 Rxd4 29. Rxd4 Qxd4 30. Qxb7 Qd3 31. Rf2 Qe3 32. Qf3 Qc1+ 33. Kh2 Rd2 34. Qe3 Rc2 35. Qxa7 Rxf2 36. Qxf2 Qa3 37. Qe2 Qa8 38. g3 Qd5 39. Qb2 h5 40. h4 Qe4 41. b4 f6 42. b5 g5 43. fxg5 fxg5 44. hxg5 h4 45. Qb3+ Kf8 46. g6 Qxg6 47. gxh4 Qd6+ 48. Kh3 Qd7+ 49. Kg3 Qd6+ 50. Kf2 Qh2+ 51. Ke3 Qg3+ 52. Kd4 Qxh4+ 53. Kc5 Qe7+ 54. Kb6 Qd8+ 55. Ka6 Qa8+ 56. Kb6 Qb8+ 57. Kc5 Qb7 58. Kb4 Ke7 59. Qe3+ Kd8 60. Qd4+ Ke8 61. Qh8+ Kd7 62. Qg7+ Kc8 63. Qxb7+ Kxb7 64. Kc5 Kc7 65. b6+ Kb8 66. Kc6 Kc8 67. b7+ Kb8 68. a4 1-0

[Event "HUN-chT U18"]
[Site "Budapest"]
[Date "2015.08.27"]
[Round "2.48"]
[White "Pasztor, Daniel"]
[Black "Giczi, Alexandra Laura"]
[Result "1-0"]
[WhiteElo "1645"]
[BlackElo "1425"]
[PlyCount "119"]
[EventDate "2015.08.26"]
[EventType "team-swiss"]
[EventRounds "8"]
[EventCountry "HUN"]
[SourceTitle "EXT 2016"]
[Source "ChessBase"]
[SourceDate "2015.10.08"]
[SourceVersion "1"]
[SourceVersionDate "2015.10.08"]
[SourceQuality "1"]

1. e4 e6 2. d4 d5 3. Nc3 Bb4 4. e5 c5 5. Bd2 Bd7 6. Qg4 Ne7 7. dxc5 Bxc5 8. Qxg7 Ng6 9. Qh6 Qb6 10. Nd1 Nc6 11. Nf3 Nd4 12. Nxd4 Bxd4 13. f4 0-0-0 14. c3 Bc5 15. b4 Be7 16. Be3 Qc7 17. Bxa7 f6 18. Bd4 fxe5 19. fxe5 Nxe5 20. Qe3 Ng4 21. Qg1 Qf4 22. Bxh8 Qe4+ 23. Be2 Bb5 24. Ne3 Nxe3 25. Bxb5 Nxg2+ 26. Kd1 Ne3+ 27. Kd2 Nc4+ 28. Bxc4 dxc4+ 29. Bd4 Bf6 30. Qe3 Qg2+ 31. Qe2 Bg5+ 32. Kd1 Qxh1+ 33. Qe1 Qf3+ 34. Kc2 Qf5+ 35. Kb2 Bf6 36. Bxf6 Qxf6 37. Qe2 b5 38. Rf1 Qh6 39. Rf2 Rd3 40. Qe1 e5 41. Qe2 e4 42. Qxe4 Rd2+ 43. Rxd2 Qxd2+ 44. Qc2 Qd7 45. Qg2 Qc7 46. Qa8+ Kd7 47. Qd5+ Ke7 48. Qc5+ Qxc5 49. bxc5 Kd7 50. Ka3 Kc6 51. Kb4 h6 52. h3 h5 53. h4 Kc7 54. Kxb5 Kb7 55. a4 Ka7 56. c6 Kb8 57. a5 Ka8 58. Kb6 Kb8 59. c7+ Kc8 60. a6 1-0

[Event "World ol U16"]
[Site "Gyor"]
[Date "2014.12.18"]
[Round "7.1"]
[White "Oltman, Kayla"]
[Black "Giczi, Alexandra Laura"]
[Result "1/2-1/2"]
[WhiteElo "1529"]
[BlackElo "1424"]
[PlyCount "70"]
[EventDate "2014.12.13"]
[EventType "team-swiss"]
[EventRounds "10"]
[EventCountry "HUN"]
[SourceTitle "EXT 2016"]
[Source "ChessBase"]
[SourceDate "2015.10.08"]
[SourceVersion "1"]
[SourceVersionDate "2015.10.08"]
[SourceQuality "1"]
[WhiteTeam "South Africa Girls"]
[BlackTeam "Transdanubium III"]
[WhiteTeamCountry "RSA"]
[BlackTeamCountry "HUN"]

1. c4 e5 2. g3 Nf6 3. Bg2 d5 4. cxd5 Nxd5 5. e3 Nc6 6. Ne2 Be6 7. 0-0 Qd7 8. Nbc3 Nxc3 9. dxc3 Bd6 10. b3 Bh3 11. Bb2 Bxg2 12. Kxg2 h5 13. h4 g5 14. hxg5 h4 15. gxh4 Rxh4 16. Rh1 Qg4+ 17. Ng3 Qxg5 18. Rxh4 Qxh4 19. Qh1 Qf6 20. Qh3 Rd8 21. Rh1 Bf8 22. Re1 Rd2 23. Re2 Rxe2 24. Nxe2 Qg6+ 25. Kf1 Qb1+ 26. Bc1 Qxa2 27. Qc8+ Nd8 28. Qxc7 Qxb3 29. Qxe5+ Ne6 30. f4 Bg7 31. Qb8+ Nd8 32. Qxa7 Bxc3 33. Nxc3 Qxc3 34. Qa4+ Qc6 35. Qxc6+ Nxc6 1/2-1/2

[Event "World ol U16"]
[Site "Gyor"]
[Date "2014.12.15"]
[Round "4.1"]
[White "Roos, Lucas"]
[Black "Giczi, Alexandra Laura"]
[Result "1-0"]
[WhiteElo "1732"]
[BlackElo "1424"]
[PlyCount "131"]
[EventDate "2014.12.13"]
[EventType "team-swiss"]
[EventRounds "10"]
[EventCountry "HUN"]
[SourceTitle "EXT 2016"]
[Source "ChessBase"]
[SourceDate "2015.10.08"]
[SourceVersion "1"]
[SourceVersionDate "2015.10.08"]
[SourceQuality "1"]
[WhiteTeam "South Africa"]
[BlackTeam "Transdanubium III"]
[WhiteTeamCountry "RSA"]
[BlackTeamCountry "HUN"]

1. e4 e6 2. d4 d5 3. exd5 exd5 4. Bd3 Nc6 5. Ne2 Bd6 6. Nbc3 Nge7 7. Nb5 Bf5 8. c3 Bxd3 9. Qxd3 a6 10. Nxd6+ Qxd6 11. Bf4 Qd7 12. 0-0 0-0 13. Rae1 Ng6 14. Qg3 Nxf4 15. Nxf4 Ne7 16. Re5 Ng6 17. Rxd5 Nxf4 18. Rxd7 Ne2+ 19. Kh1 Nxg3+ 20. fxg3 Rac8 21. Kg1 f6 22. Re1 Rfd8 23. Ree7 Rxd7 24. Rxd7 b5 25. Kf2 g5 26. g4 a5 27. b3 c5 28. Ke3 c4 29. Kd2 b4 30. cxb4 axb4 31. Rb7 cxb3 32. axb3 Ra8 33. Ke3 Ra2 34. Kf3 Rd2 35. Rxb4 Kf7 36. h3 Ke6 37. Rb6+ Kd5 38. Rxf6 Rxd4 39. Rf5+ Ke6 40. Rxg5 Rd3+ 41. Ke4 Rxb3 42. Rg7 Rb2 43. Kf3 Rb3+ 44. Kf4 Rb2 45. Kg3 Rb3+ 46. Kh4 Rb2 47. g3 Rb4 48. Rxh7 Kf6 49. Rh5 Kg6 50. Rg5+ Kh6 51. Rf5 Rc4 52. Rf4 Rc5 53. g5+ Rxg5 54. Rf6+ Rg6 55. Rxg6+ Kxg6 56. Kg4 Kh6 57. Kf5 Kg7 58. g4 Kf7 59. h4 Kg7 60. h5 Kf7 61. g5 Kf8 62. Kf6 Kg8 63. g6 Kf8 64. g7+ Kg8 65. h6 Kh7 66. Kf7 1-0